|
|
|
|
| LEADER |
00000cam a2200000 a 4500 |
| 001 |
UCE4944 |
| 003 |
CL-VaPUC |
| 008 |
141120e19700000cl |||||||||||||||||spa|d |
| 082 |
0 |
4 |
|a Ch861
|b PEZ
|2 21
|
| 100 |
|
|
|a Pezoa Véliz, Carlos
|d 1879-1908
|e author
|9 322063
|
| 700 |
|
|
|a Guzmán, Nicomedes
|d 1914-1964
|e author
|9 374102
|
| 245 |
1 |
0 |
|a Antología de Carlos Pezoa Véliz: -poesia y prosa-
|
| 250 |
|
|
|a 2a. ed
|
| 300 |
|
|
|a 172 p
|
| 942 |
|
|
|c BK
|
| 945 |
|
|
|d 20141120 11:52:00
|a arojas
|
| 260 |
|
|
|a Santiago
|b Zig-Zag
|c 1970
|
| 650 |
|
0 |
|a Poesías chilenas
|9 265280
|
| 650 |
|
0 |
|a Prosas chilenas
|9 316104
|
| 650 |
|
0 |
|a Literatura chilena
|9 308278
|
| 583 |
|
|
|a last modification
|c 20141120 11:52:00
|k Rodrigo Vera
|
| 999 |
|
|
|c 357799
|d 357797
|
| 952 |
|
|
|0 0
|1 0
|3 erb
|4 0
|6 CH_861_000000000000000_PEZ_1970
|7 0
|8 X
|9 465889
|a FDOBUD
|b FDOBUD
|i 5107865
|o Ch861 PEZ 1970
|p 5107865
|r 2019-11-23
|w 2019-11-23
|y BK_X
|z Catalogado en:20141120
|k BUD
|